000 00557nam a2200229Ia 4500
003 OSt
005 20220923230544.0
006 a|||||r|||| 00| 0
007 ta
008 Pun
024 _a283,113
037 _cTextual
040 _aARTS
_cARTS
_bPun
041 _2Pun
_aPun
082 _aO153,3NKAN.KD, L8
100 _aਕੰਵਰ
245 0 _aਕੱਚਾ ਧੂੰਆਂ
260 _c1978
650 _aਪੰਜਾਬੀ ਸਾਹਿਤ
942 _hO153,3NKAN.KD, L8
_cTEXL
_2CC
999 _c385655
_d385655